| 000 | 006280000a22002170004500 | ||
|---|---|---|---|
| 005 | 20180803170102.0 | ||
| 008 | 170213b xxu||||| |||| 00| 0 spa d | ||
| 040 |
_aCO-BoIAVH _cCO-BoIAVH |
||
| 041 | 0 | _aspa | |
| 090 |
_aAV- _b00047 |
||
| 110 | 1 |
_aRCN Televisión _979381 |
|
| 245 | 1 | 0 |
_aManglares del Pacífico _sexpediciones ecológicas 96 |
| 260 |
_aBogotá _bCOLCIENCIAS _c1996 |
||
| 260 |
_bRCN Televisión _a: _c. |
||
| 300 |
_a20 min. _bVHS |
||
| 650 | 1 | 4 |
_aEcosistemas costeros _994197 |
| 650 | 1 | 4 |
_aManglares _993259 |
| 650 | 1 | 4 |
_aComunidades negras _995728 |
| 650 | 1 | 4 |
_aBosques inundables _959584 |
| 942 |
_cCD-ROM _2ddc |
||
| 999 |
_c16478 _d16478 |
||